Antigua and Barbuda City Quiz - Statistics

General Stats
  • This quiz has been taken 15 times
  • The average score is 3 of 7
Answer Stats
City % Correct
Saint John's
100%
All Saints
67%
Potters Village
67%
Swetes
33%
Bolans
17%
Liberta
17%
Seaview Farm
17%
No matching quizzes found
Score Distribution
Percent of People with Each Score
Percentile by Number Answered
Your Score History
You have not taken this quiz